[Event "Cologne Ford op"]
[Site "Cologne"]
[Date "2010.05.31"]
[Round "6"]
[White "Pohl, Victor"]
[Black "Weinmann Musset, Manfred"]
[Result "0-1"]
[WhiteElo "1315"]
[BlackElo "1850"]
[PlyCount "106"]
[EventDate "2010.04.19"]
[EventType "swiss"]
[EventRounds "7"]
[EventCountry "GER"]
[SourceTitle "EXT 2011"]
[Source "ChessBase"]
[SourceDate "2010.11.26"]
[SourceVersion "1"]
[SourceVersionDate "2010.11.26"]
[SourceQuality "1"]

1. d4 f5 2. c4 Nf6 3. Nc3 d6 4. Nf3 c6 5. Bf4 g6 6. e3 Bg7 7. Bd3 0-0 8. 0-0 Kh8 9. Qd2 Be6 10. Rae1 Nbd7 11. e4 fxe4 12. Nxe4 Nxe4 13. Rxe4 Bf5 14. Re3 Bg4 15. Bg5 Nf6 16. Rfe1 Bxf3 17. gxf3 Qb6 18. Rxe7 Ng8 19. Rd7 Qxd4 20. Be3 Qh4 21. Be4 Be5 22. f4 Rxf4 23. Bxf4 Bxf4 24. Qc3+ Be5 25. Qf3 Nf6 26. Rxb7 Bxh2+ 27. Kg2 Be5 28. Bxc6 Qg5+ 29. Kf1 Ng4 30. Qb3 Qf4 31. Bf3 Rf8 32. Rb8 Nh2+ 33. Ke2 Rxb8 34. Qxb8+ Kg7 35. Qb3 g5 36. Rh1 g4 37. Bd5 h5 38. Qe3 Qf6 39. Qxa7+ Kh6 40. Qe3+ Kg7 41. b3 Bf4 42. Qa7+ Kh6 43. Rb1 Qe5+ 44. Kd3 Nf3 45. Bxf3 gxf3 46. b4 Qe2+ 47. Kc3 Be5+ 48. Kb3 Qd3+ 49. Ka4 Qxb1 50. Qe3+ Kg6 51. Qxf3 Qxa2+ 52. Qa3 Qxc4 53. Qf3 d5 0-1

[Event "Cologne Ford op"]
[Site "Cologne"]
[Date "2009.05.04"]
[Round "2"]
[White "Pohl, Victor"]
[Black "Immel, John Christian"]
[Result "1-0"]
[WhiteElo "956"]
[BlackElo "1446"]
[PlyCount "81"]
[EventDate "2009.04.27"]
[EventType "swiss"]
[EventRounds "7"]
[EventCountry "GER"]
[SourceTitle "EXT 2011"]
[Source "ChessBase"]
[SourceDate "2010.11.26"]
[SourceVersion "1"]
[SourceVersionDate "2010.11.26"]
[SourceQuality "1"]

1. e4 e6 2. d4 d5 3. e5 c5 4. Nf3 cxd4 5. Nxd4 Qc7 6. f4 Nc6 7. c4 Nxd4 8. Qxd4 Bc5 9. Qd2 Ne7 10. b4 dxc4 11. bxc5 Qxc5 12. Ba3 Qc6 13. Bxe7 Kxe7 14. Qd6+ Qxd6 15. exd6+ Kxd6 16. Bxc4 Bd7 17. Na3 Rhc8 18. 0-0 a6 19. Rfd1+ Ke7 20. Rac1 Ba4 21. Bb3 Bxb3 22. axb3 b5 23. b4 Rd8 24. Rc7+ Ke8 25. Rxd8+ Kxd8 26. Rxf7 Rc8 27. Rf8+ Kd7 28. Rxc8 Kxc8 29. Kf2 Kd7 30. Ke3 Kc6 31. Nc2 Kd5 32. Kd3 e5 33. Ne3+ Ke6 34. f5+ Kd6 35. Ke4 h5 36. h4 a5 37. bxa5 b4 38. a6 b3 39. a7 b2 40. Nc4+ Kc7 41. Nxb2 1-0